Para una estética del futbol (recorte) /

Guardado en:
Autor Principal: Botsford Keith
Formato: Libro
Publicado: Paris : Mundo Nuevo, 1967
Materias:
Fc
Etiquetas: Agregar Etiqueta
Sin Etiquetas, Sea el primero en etiquetar este registro!
LEADER 00824nam a22001815a 4500
001 CEM.cems008941
005 20060214000000.0
008 130507s1967##################000#0#####d
003 CEMS
082 0 4 |a F796 
100 1 |a Botsford Keith 
245 1 0 |a Para una estética del futbol (recorte) / 
260 |a Paris :  |b Mundo Nuevo,  |c 1967 
300 |a 6 p. 
505 0 |a Recorte de la revista Mundo Nuevo. Abr. 1967, N§ 10. Paris.-Recorte de la revista Mundo Nuevo. Abr. 1967, N§ 10. Paris.-Recorte de la revista Mundo Nuevo. Abr. 1967, N§ 10. Paris.-Recorte de la revista Mundo Nuevo. Abr. 1967, N§ 10. Paris.-Recorte de la revista Mundo Nuevo. Abr. 1967, N§ 10. Paris.-Recorte de la revista Mundo Nuevo. Abr. 1967, N§ 10. Paris.- 
653 |a Fc 
653 |a Futbol 
859 |a CEMS  |b BIB. CEMS - 11 de abril  |h F796  |i 2-1  |p 1333.44  |t Ej.1